| 000 | 00458nam a2200193Ia 4500 | ||
|---|---|---|---|
| 003 | OSt | ||
| 005 | 20220926044706.0 | ||
| 006 | a|||||r|||| 00| 0 | ||
| 007 | ta | ||
| 008 | 220923b |||||||| |||| 00| 0 eng d | ||
| 037 | _cGeneral Book | ||
| 040 |
_aRTL _cRTL _beng |
||
| 041 |
_2eng _aeng |
||
| 245 | 0 | _aReview of the sugar industry of India 1935 - 36 | |
| 260 | _c1936 | ||
| 300 |
_a46p. _ccm. |
||
| 942 |
_cGB _2CC |
||
| 999 |
_c675542 _d675542 |
||